[Event "It"]
[Site "Biel SUI"]
[Date "2004.07.19"]
[Round "1"]
[White "Sasikiran,K"]
[Black "Pelletier,Y"]
[Result "1-0"]
[WhiteElo "2666"]
[BlackElo "2597"]

1.d4 d5 2.c4 c6 3.Nf3 Nf6 4.e3 Bf5 5.Nc3 e6 6.Nh4 Bg6 7.Nxg6 hxg6 8.g3 Nbd7
9.Bg2 dxc4 10.Qe2 Rc8 11.a4 Qa5 12.Qxc4 b5 13.Qe2 b4 14.Ne4 Nxe4 15.Bxe4 c5
16.Qb5 Qc7 17.a5 Rh5 18.Bf3 Rf5 19.Be4 Rh5 20.Qa4 cxd4 21.exd4 Qc4 22.Be3 b3
23.Qxc4 Rxc4 24.Ke2 Bb4 25.a6 Nb6 26.Bd3 Rc7 27.Rhc1 Kd7 28.d5 Nxd5 29.Rxc7+ Nxc7
30.Bxa7 Ra5 31.Rxa5 Bxa5 32.Bd4 f6 33.a7 e5 34.Be3 f5 35.Bc4 Kc6 36.Bxb3 Bb6
37.Bd5+ Kxd5 38.Bxb6 Na8 39.Bd8 Kc4 40.Be7 Kb3 41.Bf8  1-0

[Event "It"]
[Site "Biel SUI"]
[Date "2004.07.20"]
[Round "2"]
[White "Ponomariov,R"]
[Black "Sasikiran,K"]
[Result "1-0"]
[WhiteElo "2722"]
[BlackElo "2666"]

1.e4 e5 2.Nf3 Nc6 3.Bb5 a6 4.Ba4 Nf6 5.O-O Be7 6.Re1 b5 7.Bb3 d6 8.c3 O-O
9.h3 Nb8 10.d4 Nbd7 11.Nbd2 Bb7 12.Bc2 Re8 13.a4 Bf8 14.Bd3 c6 15.b3 g6 16.Bf1 Qc7
17.Bb2 Rac8 18.Qc2 Qb8 19.g3 Bg7 20.Rad1 Ba8 21.axb5 axb5 22.b4 c5 23.bxc5 exd4
24.cxd4 dxc5 25.d5 c4 26.Bc3 Qc7 27.Rb1 Rb8 28.Qa2 Nxe4 29.Nxe4 Bxd5 30.Bxg7 Bxe4
31.Rxe4 Rxe4 32.Bc3 Re6 33.Qd2 f6 34.Qd5 Qc6 35.Qxc6 Rxc6 36.Nd4 Rc5 37.Rxb5 Rbxb5
38.Nxb5 Ne5 39.Nd6 Kg7 40.f4 Nd7 41.Nxc4 h5 42.Kf2 Rc6 43.Bd4 Nc5 44.Kf3 Ne6
45.Bb2 Kf7 46.Ne3 Nc7 47.Bc4+ Kg7 48.Ke4 Ne8 49.Bd4 Rc7 50.Kd3 Rd7 51.Bb5 Rd8
52.Bxe8 Rxe8 53.Nd5 Re6 54.Nxf6 Rxf6 55.g4 hxg4 56.hxg4 Kf7 57.Bxf6 Kxf6
58.Kd4 Ke6 59.Kc5 Ke7 60.Kd5 Kd7 61.Ke5 Ke7 62.g5  1-0

[Event "It"]
[Site "Biel SUI"]
[Date "2004.07.23"]
[Round "5"]
[White "Bacrot,E"]
[Black "Sasikiran,K"]
[Result "1/2-1/2"]
[WhiteElo "2712"]
[BlackElo "2666"]

1.e4 e5 2.Nf3 Nc6 3.Bb5 Nf6 4.O-O Nxe4 5.d4 Nd6 6.Bxc6 dxc6 7.dxe5 Nf5 8.Qxd8+ Kxd8
9.Nc3 Bd7 10.Rd1 Kc8 11.Ng5 Be8 12.b3 b6 13.Bb2 Be7 14.Nge4 Kb7 15.Rd3 Rd8
16.Rad1 Kc8 17.Ne2 h5 18.g3 a5 19.c4 c5 20.N4c3 Rxd3 21.Rxd3 Bd7 22.Nd5 Bd8
23.Nef4 h4 24.g4 Nd4 25.Bxd4 cxd4 26.Rxd4 Bxg4 27.Ng6  1/2-1/2

[Event "It"]
[Site "Biel SUI"]
[Date "2004.07.25"]
[Round "6"]
[White "Pelletier,Y"]
[Black "Sasikiran,K"]
[Result "0-1"]
[WhiteElo "2597"]
[BlackElo "2666"]

1.e4 e5 2.Nf3 Nc6 3.Bb5 a6 4.Ba4 Nf6 5.O-O Be7 6.Re1 b5 7.Bb3 d6 8.c3 O-O
9.h3 Na5 10.Bc2 c5 11.d4 Qc7 12.Nbd2 Rd8 13.Nf1 cxd4 14.cxd4 exd4 15.Nxd4 d5
16.e5 Ne4 17.f3 Bc5 18.Be3 Nc4 19.Nb3 d4 20.Bxd4 Rxd4 21.Nxd4 Nxb2 22.Qc1 Bxd4+
23.Kh2 Nc5 24.Qf4 Bc3 25.Re3 Nbd3 26.Bxd3 Nxd3 27.Rxd3 Bxa1  0-1

[Event "It"]
[Site "Biel SUI"]
[Date "2004.07.25"]
[Round "6"]
[White "Ponomariov,R"]
[Black "Bacrot,E"]
[Result "1-0"]
[WhiteElo "2722"]
[BlackElo "2712"]

1.d4 d5 2.c4 c6 3.Nf3 Nf6 4.Nc3 a6 5.a4 e6 6.g3 dxc4 7.Bg5 Nbd7 8.Bg2 h6
9.Bxf6 Qxf6 10.a5 Bb4 11.O-O O-O 12.Qa4 Qe7 13.Rfd1 Rb8 14.Qa2 c5 15.d5 exd5
16.Nxd5 Qxe2 17.Nxb4 cxb4 18.Rd2 Qe7 19.Qxc4 Nf6 20.Rd4 b5 21.Qxb4 Qxb4 22.Rxb4 Bb7
23.Rd4 Rfd8 24.Rad1 Rxd4 25.Nxd4 Bxg2 26.Kxg2 Rd8 27.Kf3 Nd7 28.Ke2 Ne5 29.Nf5 Re8
30.Kf1 Nc6 31.Rd6 Nxa5 32.Rxa6 Nc4 33.b4 Re5 34.Nd4 Rd5 35.Nc6 Kh7 36.Ra7 Rd6
37.Ne7 Ne5 38.Rb7 Nf3 39.h4 Nd4 40.h5 Rd8 41.Kg2 Rd6 42.g4 Kh8 43.f4 g6 44.hxg6 fxg6
45.Kg3 Re6 46.Rd7 Ne2+ 47.Kf3 Nd4+ 48.Rxd4 Rxe7 49.Rd6 Kg7 50.Rb6 Re1 51.Rxb5 Rf1+
52.Ke4 Re1+ 53.Kd4 Rd1+ 54.Ke5 Re1+ 55.Kd6 Re4 56.g5 h5 57.Rb7+ Kg8 58.b5 h4
59.Re7 Rxe7 60.Kxe7 h3 61.b6 h2 62.b7 h1=Q 63.b8=Q+ Kg7 64.Qf8+ Kh7 65.Qf7+ Kh8
66.Kf8 Qa8+ 67.Qe8 Qb7  1-0

[Event "It"]
[Site "Biel SUI"]
[Date "2004.07.29"]
[Round "10"]
[White "Bacrot,E"]
[Black "Pelletier,Y"]
[Result "1/2-1/2"]
[WhiteElo "2712"]
[BlackElo "2597"]

1.e4 e6 2.d4 d5 3.Nc3 dxe4 4.Nxe4 Nd7 5.Nf3 Ngf6 6.Bg5 h6 7.Nxf6+ Nxf6 8.Bh4 c5
9.Bc4 a6 10.O-O Be7 11.dxc5 Qxd1 12.Raxd1 Bxc5 13.Ne5 Be7 14.Rfe1 b5 15.Bb3 g5
16.Bg3 Nh5 17.Nc6 Nxg3 18.Nxe7 Kxe7 19.hxg3 Bb7 20.c3  1/2-1/2